Aplikovaná matematika : Vybrané kapitoly z finančnej a poistnej matematiky

Gespeichert in:
Bibliographische Detailangaben
Hauptverfasser: Urbaníková, Marta (Verfasst von), Špirková, Jana (Verfasst von), Vaculíková, Ľudmila, 1954- (Verfasst von)
Weitere Verfasser: Palumbíny, Oleg, 1964- (Rezension), Vrábelová, Marta (Rezension), Cyprichová, Zuzana (Rezension)
Format: Buch
Sprache:Slowakisch
Veröffentlicht: Bratislava : Nakladateľstvo STU, 2014
Ausgabe:1. vyd.
Schriftenreihe:Edícia vysokoškolských učebníc
Schlagworte:
Tags: Tag hinzufügen
Keine Tags, Fügen Sie das erste Tag hinzu!

MARC

LEADER 00000nam a22000003a 4500
001 stu284190
005 20230606094527.0
008 140217s2014----xo------------------slo-d
020 |a 978-80-227-4128-6 
040 |a STU  |b slo 
041 0 |a slo 
044 |a xo 
080 |a 51  |7 stu_us_auth*stu8333 
100 1 |a Urbaníková, Marta  |4 aut  |9 40 
245 1 |a Aplikovaná matematika :  |b Vybrané kapitoly z finančnej a poistnej matematiky 
250 |a 1. vyd. 
260 |a Bratislava :  |b Nakladateľstvo STU,  |c 2014 
300 |a 201 s.  |9 8,36 
500 |a rozsah AH 8,36 
650 7 |a aplikovaná matematika  |2 stusub 
650 7 |a úrokovanie  |2 stusub 
700 1 |a Špirková, Jana  |4 aut  |9 40 
700 1 |a Vaculíková, Ľudmila,  |d 1954-  |4 aut  |u M6000  |9 20  |U MTF Materiálovotechnologická fakulta  |T MTF Ústav aplikovanej informatiky, automatizácie a matematiky  |X 314  |U M6000  |Y 86  |7 A000000314 
700 1 |a Palumbíny, Oleg,  |d 1964-  |4 rev  |u M6000  |U MTF Materiálovotechnologická fakulta  |T MTF Ústav aplikovanej informatiky, automatizácie a matematiky  |X 276  |U M6000  |Y 86  |7 A000000276 
700 1 |a Vrábelová, Marta  |4 rev 
700 1 |a Cyprichová, Zuzana  |4 rev 
830 0 |a Edícia vysokoškolských učebníc 
996 |b 284M085876  |c M*13676-1  |l MMST  |s A  |a 24  |w stu284190_0002 
996 |b 284M085879  |c M*13676-4  |l MMKN  |s A  |a 24  |w stu284190_0004 
996 |b 284M085880  |c M*13676-5  |l MMKN  |s A  |a 24  |w stu284190_0005 
996 |b 284M085881  |c M*13676-6  |l MMKN  |s A  |a 24  |w stu284190_0006 
996 |b 284M085878  |c M*13676-3  |l MMKN  |s A  |a 24  |w stu284190_0007